<?xml version="1.0" encoding="UTF-8"?>
<record
    xmlns:xsi="http://www.w3.org/2001/XMLSchema-instance"
    xsi:schemaLocation="http://www.loc.gov/MARC21/slim http://www.loc.gov/standards/marcxml/schema/MARC21slim.xsd"
    xmlns="http://www.loc.gov/MARC21/slim">

  <leader>01185nam a22002057a 4500</leader>
  <controlfield tag="001">4074</controlfield>
  <controlfield tag="003">FISKH</controlfield>
  <controlfield tag="005">20240605134639.0</controlfield>
  <controlfield tag="008">240605b        cb ||||| |||| 00| 0 eng d</controlfield>
  <datafield tag="020" ind1=" " ind2=" ">
    <subfield code="a">9781760293086</subfield>
  </datafield>
  <datafield tag="040" ind1=" " ind2=" ">
    <subfield code="a">FISKH</subfield>
    <subfield code="b">eng</subfield>
    <subfield code="c">FISKH</subfield>
    <subfield code="d">FISKH</subfield>
  </datafield>
  <datafield tag="050" ind1=" " ind2=" ">
    <subfield code="a">PN147.M555</subfield>
  </datafield>
  <datafield tag="082" ind1=" " ind2=" ">
    <subfield code="a">808.042</subfield>
  </datafield>
  <datafield tag="100" ind1=" " ind2=" ">
    <subfield code="a">Miller, Patti</subfield>
  </datafield>
  <datafield tag="245" ind1=" " ind2=" ">
    <subfield code="a">Writing true stories :</subfield>
    <subfield code="c">Patti Miller</subfield>
  </datafield>
  <datafield tag="260" ind1=" " ind2=" ">
    <subfield code="a">New York :</subfield>
    <subfield code="b">Routledge,</subfield>
    <subfield code="c">2017</subfield>
  </datafield>
  <datafield tag="300" ind1=" " ind2=" ">
    <subfield code="a">342 pages :</subfield>
    <subfield code="c">24 cm</subfield>
  </datafield>
  <datafield tag="520" ind1=" " ind2=" ">
    <subfield code="a">"Patti Miller is the most well-regarded and experienced memoir teacher in Australia. And Writing True Stories is the culmination of her experience as an award-winning non-fiction writer as well as an acclaimed memoir teacher. Writing True Stories is invaluable for anyone who has ever wanted to write their own memoir or their family's history. Patti Miller has included writing exercises, examples and readings to help each writer accumulate the skills necessary to write their stories in a fascinating and engaging way. The book is organized in a graded development of writing experience and will be used by beginning writing students and more advanced writers." -- from Library Thing</subfield>
  </datafield>
  <datafield tag="942" ind1=" " ind2=" ">
    <subfield code="2">ddc</subfield>
    <subfield code="c">BK</subfield>
    <subfield code="n">0</subfield>
  </datafield>
  <datafield tag="999" ind1=" " ind2=" ">
    <subfield code="c">4074</subfield>
    <subfield code="d">4074</subfield>
  </datafield>
  <datafield tag="952" ind1=" " ind2=" ">
    <subfield code="0">0</subfield>
    <subfield code="1">0</subfield>
    <subfield code="2">ddc</subfield>
    <subfield code="4">0</subfield>
    <subfield code="7">0</subfield>
    <subfield code="8">NFIC</subfield>
    <subfield code="a">001</subfield>
    <subfield code="b">001</subfield>
    <subfield code="c">TBLTK</subfield>
    <subfield code="d">2024-06-05</subfield>
    <subfield code="l">0</subfield>
    <subfield code="o">MIL 808.042 PN147.M555</subfield>
    <subfield code="p">2024-0805</subfield>
    <subfield code="r">2024-06-05 13:46:34</subfield>
    <subfield code="w">2024-06-05</subfield>
    <subfield code="y">BK</subfield>
    <subfield code="z">Donated by Open Book Library 1, Phnom Penh</subfield>
  </datafield>
</record>
